000 00661nam a22001817a 4500
999 _c18556
_d18556
003 AR-CdUCM
008 190514b ||||| |||| 00| 0 spa d
040 _aMUNICIPALIDAD PROVINCIAL DEL CUSCO
_cBIBLIOTECA MUNICIPAL DEL CUSCO
082 _a891,03 /
_bS66
100 _aSoloviev, Mikhail.
_939207
245 _aMis nueve vidas en el ejército rojo /
260 _aBarcelona :
_bLuis de Caralt,
_c1956.
300 _a312 páginas ;
_c20 cm.
505 _aContenido : Corresponsal militar -- La pequeña guerra -- La gran guerra -- El milagro de Moscú -- Derrota triunfante ...
650 _aEjercito.
_93554
942 _2ddc
_cLIBROS
945 _arum
_d2019-05-14